What is Japan?: Contradictions and transformations
In a witty, acerbic, and provocative book, the author of the influential futurist synthesis The Knowledge-Value Revolution shows how Japan, borrowing elements from both China and the West, has created a culture unlike any other--one that is still changing in a uniquely Japanese way.
Salvato in:
| Autore principale: | |
|---|---|
| Natura: | Libro |
| Lingua: | Undetermined |
| Pubblicazione: |
New York, NY.
Kodansha International
1993
|
| Soggetti: | |
| Tags: |
Aggiungi Tag
Nessun Tag, puoi essere il primo ad aggiungerne! !
|
| Thư viện lưu trữ: | Trung tâm Học liệu Trường Đại học Cần Thơ |
|---|
| LEADER | 00862nam a2200217Ia 4500 | ||
|---|---|---|---|
| 001 | CTU_112148 | ||
| 008 | 210402s9999 xx 000 0 und d | ||
| 082 | |a 952 | ||
| 082 | |b S159 | ||
| 100 | |a Sakaiya, Taichi | ||
| 245 | 0 | |a What is Japan?: | |
| 245 | 0 | |b Contradictions and transformations | |
| 245 | 0 | |c Taichi Sakaiya; Translated by Steven Karpa | |
| 260 | |a New York, NY. | ||
| 260 | |b Kodansha International | ||
| 260 | |c 1993 | ||
| 520 | |a In a witty, acerbic, and provocative book, the author of the influential futurist synthesis The Knowledge-Value Revolution shows how Japan, borrowing elements from both China and the West, has created a culture unlike any other--one that is still changing in a uniquely Japanese way. | ||
| 650 | |a Japan | ||
| 650 | |x Civilization | ||
| 904 | |i Minh | ||
| 980 | |a Trung tâm Học liệu Trường Đại học Cần Thơ | ||